Disaster management in india / (Record no. 140412)

MARC details
000 -LEADER
fixed length control field 00531nam a22001817a 4500
005 - DATE AND TIME OF LATEST TRANSACTION
control field 20170524151215.0
010 ## - LCCN (DPL NO)
LC control number ENG- 118384
020 ## - INTERNATIONAL STANDARD BOOK NUMBER
International Standard Book Number 9788192557304
Terms of availability 450.00
035 ## - SYSTEM CONTROL NUMBER
System control number EN-101916
037 ## - SOURCE OF ACQUISITION
Source of stock number/acquisition DBAD/PUB
082 ## - DEWEY DECIMAL CLASSIFICATION NUMBER
Classification number 363.34
100 ## - MAIN ENTRY--PERSONAL NAME
Personal name O.P.Varmani
245 ## - TITLE STATEMENT
Title Disaster management in india /
Statement of responsibility, etc by O.P. Varmani
260 ## - PUBLICATION, DISTRIBUTION, ETC. (IMPRINT)
Place of publication, distribution, etc New Delhi
Name of publisher, distributor, etc Pawan publication
Date of publication, distribution, etc 2016
270 ## - ADDRESS
Address H-1/48 Bengali Colony, Mahaveer Enclave, New Delhi- 45
300 ## - PHYSICAL DESCRIPTION
Extent 152p.
Dimensions 22cm (Hb)
942 ## - ADDED ENTRY ELEMENTS (KOHA)
Source of classification or shelving scheme Dewey Decimal Classification
Item type English Books
Classification part 363.34
Call number suffix VAR
Holdings
Withdrawn status Lost status Not for loan Collection code Home library Current library Date acquired Source of acquisition Cost, normal purchase price Full call number Barcode Copy number Cost, replacement price Koha item type
      Non-fiction Narela Narela 24/05/2017 DBAD/PUB 450.00 363.34 VAR EN-101916 1 450.00 English Books

© Delhi Public Library
Hit Counter
free hit counter